[Event "LLO 2017/18"]
[Site "Mecklenburg-Vorpommern"]
[Date "2017.12.10"]
[Round "4.7"]
[White "Greinert, Timo"]
[Black "Rosin, Ralf"]
[Result "1-0"]
[WhiteElo "1780"]
[BlackElo "1722"]
[PlyCount "102"]
[EventDate "2017.??.??"]
[EventType "team-tourn"]
[EventRounds "9"]
[SourceDate "2017.10.08"]
[WhiteTeam "SAV Torgelow II"]
[BlackTeam "SV Motor Wolgast"]

1. c4 e6 2. Nc3 Nf6 3. g3 Nc6 4. Bg2 Be7 5. e3 O-O 6. Nge2 d5 7. cxd5 exd5 8.
d4 Bb4 9. O-O Ne7 10. Qb3 a5 11. Bd2 Bxc3 12. bxc3 c6 13. c4 dxc4 14. Qxc4 Be6
15. Qc2 Ned5 16. Rfc1 Qd7 17. e4 Nb4 18. Qb1 Nxa2 19. Rxa2 Bxa2 20. Qxa2 Rfe8
21. e5 Nd5 22. Bxd5 Qxd5 23. Qxd5 cxd5 24. Rc5 a4 25. Nc3 a3 26. Na2 Rec8 27.
Bb4 Rxc5 28. Bxc5 Ra4 29. Bb4 Ra6 30. Kf1 Rc6 31. Bc3 f6 32. exf6 gxf6 33. Ke2
b5 34. Kd3 Kf7 35. Kc2 Re6 36. Nc1 f5 37. Kb3 f4 38. Kxa3 fxg3 39. hxg3 Rf6 40.
Nd3 Ke6 41. Bd2 Kf5 42. Be3 h5 43. Kb4 Re6 44. Ne5 Rxe5 45. dxe5 Kxe5 46. Kxb5
d4 47. Bd2 Ke4 48. f4 Kd5 49. Kb4 Ke4 50. Kc4 d3 51. Kc3 Kf3 1-0

[Event "LLO 2017/18"]
[Site "Mecklenburg-Vorpommern"]
[Date "2017.12.10"]
[Round "4.8"]
[White "Schellner, Ulf"]
[Black "Plock, Joerg"]
[Result "1-0"]
[WhiteElo "1614"]
[BlackElo "1558"]
[PlyCount "55"]
[EventDate "2017.??.??"]
[EventType "team-tourn"]
[EventRounds "9"]
[SourceDate "2017.10.08"]
[WhiteTeam "SV Motor Wolgast"]
[BlackTeam "SAV Torgelow II"]

1. d4 d5 2. c4 e6 3. Nc3 Nf6 4. Bg5 Be7 5. Nf3 O-O 6. e3 c6 7. Bd3 Nbd7 8. Qc2
h6 9. Bh4 a6 10. O-O b5 11. cxb5 axb5 12. Rac1 Bb7 13. Bg3 Nh5 14. Be5 f6 15.
Bg6 fxe5 16. Bxh5 e4 17. Nd2 Nf6 18. Be2 Nd7 19. f4 exf3 20. Nxf3 Qc7 21. Nxb5
Qa5 22. Nc3 Bb4 23. a3 Bd6 24. Bd3 c5 25. Nb5 Qb6 26. Nxd6 Qxd6 27. dxc5 Qc6
28. Nd4 1-0

[Event "LLO 2017/18"]
[Site "Mecklenburg-Vorpommern"]
[Date "2017.12.10"]
[Round "4.1"]
[White "Kohn, Thomas"]
[Black "Leisner, Ekkehardt"]
[Result "1/2-1/2"]
[WhiteElo "1841"]
[BlackElo "1779"]
[PlyCount "97"]
[EventDate "2017.??.??"]
[EventType "team-tourn"]
[EventRounds "9"]
[SourceDate "2017.10.08"]
[WhiteTeam "FHSG Stralsund II"]
[BlackTeam "SG Neubrandenburg II"]

1. Nf3 c5 2. e4 e6 3. d4 cxd4 4. Nxd4 a6 5. Be3 Nf6 6. Nc3 Bb4 7. f3 Qc7 8. Qd2
d5 9. a3 Bxc3 10. bxc3 dxe4 11. Be2 O-O 12. Rd1 Nc6 13. Bg5 e3 14. Bxe3 Rd8 15.
Bd3 Bd7 16. Bg5 Qe5+ 17. Kf1 Nxd4 18. cxd4 Qd6 19. Bxf6 gxf6 20. Qh6 f5 21. Qf6
Bb5 22. Bxb5 axb5 23. g4 f4 24. Qg5+ Kf8 25. Qh6+ Ke8 26. Kf2 Ra4 27. Qxh7 Rxd4
28. Qh8+ Ke7 29. Qxd4 Qxd4+ 30. Rxd4 Rxd4 31. Ke2 Ra4 32. Rb1 Kf6 33. Rxb5 Rxa3
34. Rxb7 Rc3 35. Rb2 Kg5 36. Rb5+ f5 37. gxf5 exf5 38. h4+ Kxh4 39. Rxf5 Kg3
40. Rg5+ Kh3 41. Rg4 Re3+ 42. Kf2 Rc3 43. Rxf4 Rxc2+ 44. Ke3 Rc3+ 45. Ke4 Rc4+
46. Kf5 Rc5+ 47. Kg6 Kg3 48. Rf6 Rc4 49. Kg5 1/2-1/2

[Event "LLO 2017/18"]
[Site "Mecklenburg-Vorpommern"]
[Date "2017.12.10"]
[Round "4.2"]
[White "Hoerhold, Martin"]
[Black "Klepin, Wilfried"]
[Result "1/2-1/2"]
[WhiteElo "1732"]
[BlackElo "1818"]
[PlyCount "31"]
[EventDate "2017.??.??"]
[EventType "team-tourn"]
[EventRounds "9"]
[SourceDate "2017.10.08"]
[WhiteTeam "SG Neubrandenburg II"]
[BlackTeam "FHSG Stralsund II"]

1. e4 d5 2. exd5 Nf6 3. d4 c6 4. dxc6 Nxc6 5. Bb5 e5 6. Bxc6+ bxc6 7. Ne2 Ba6
8. dxe5 Qxd1+ 9. Kxd1 Ng4 10. Ke1 Bc5 11. f4 Bf2+ 12. Kf1 O-O-O 13. Nbc3 Bd4
14. Ke1 Bf2+ 15. Kf1 Bb6 16. Ke1 1/2-1/2

[Event "LLO 2017/18"]
[Site "Mecklenburg-Vorpommern"]
[Date "2017.12.10"]
[Round "4.3"]
[White "Vietinghoff, Klaus"]
[Black "Dupke, Andreas"]
[Result "0-1"]
[WhiteElo "1733"]
[BlackElo "1741"]
[PlyCount "45"]
[EventDate "2017.??.??"]
[EventType "team-tourn"]
[EventRounds "9"]
[SourceDate "2017.10.08"]
[WhiteTeam "FHSG Stralsund II"]
[BlackTeam "SG Neubrandenburg II"]

1. f4 Nf6 2. Nf3 g6 3. e3 Bg7 4. d4 d6 5. Bd3 Nbd7 6. O-O O-O 7. Qe1 e5 8. dxe5
dxe5 9. fxe5 Ng4 10. e6 fxe6 11. Bc4 Nde5 12. Nxe5 Bxe5 13. Rxf8+ Qxf8 14. h3
Qc5 15. Na3 Nh6 16. Bd3 Bd7 17. Nc4 Bg7 18. Bd2 b5 19. Na5 Bxb2 20. Nb3 Qe7 21.
Rb1 Bg7 22. Qe2 a6 23. Bb4 0-1

[Event "LLO 2017/18"]
[Site "Mecklenburg-Vorpommern"]
[Date "2017.12.10"]
[Round "4.4"]
[White "Suckow, Ingo"]
[Black "Rickmann, Niklas"]
[Result "1/2-1/2"]
[WhiteElo "1736"]
[BlackElo "1716"]
[PlyCount "82"]
[EventDate "2017.??.??"]
[EventType "team-tourn"]
[EventRounds "9"]
[SourceDate "2017.10.08"]
[WhiteTeam "SG Neubrandenburg II"]
[BlackTeam "FHSG Stralsund II"]

1. e4 g6 2. d4 Bg7 3. f4 d6 4. Nf3 Bg4 5. Be2 Nd7 6. h3 Bxf3 7. Bxf3 e5 8. fxe5
Qh4+ 9. Kf1 dxe5 10. c3 Ne7 11. Be3 f5 12. Bf2 Qf6 13. Nd2 Qf7 14. Qa4 b5 15.
Qa6 O-O 16. Qxb5 c6 17. Qe2 Rab8 18. b3 fxe4 19. Nxe4 Nd5 20. Qd2 exd4 21. cxd4
N7f6 22. Ng5 Qd7 23. Re1 Bh6 24. Re5 Rbe8 25. Kg1 Qg7 26. Kh2 Nd7 27. Bxd5+
cxd5 28. Rxd5 Nb6 29. Rc5 Qf6 30. Bg3 Rd8 31. Rd1 Nd5 32. h4 Rfe8 33. Be5 Qf5
34. Rcc1 Nb6 35. Qf4 Bxg5 36. Qxf5 gxf5 37. hxg5 Nd5 38. Rf1 Ne3 39. Rf4 Ng4+
40. Kg3 Nxe5 41. dxe5 Rxe5 1/2-1/2

[Event "LLO 2017/18"]
[Site "Mecklenburg-Vorpommern"]
[Date "2017.12.10"]
[Round "4.5"]
[White "Boettner, Oliver"]
[Black "Buenz, Heinrich"]
[Result "1/2-1/2"]
[WhiteElo "1581"]
[BlackElo "1671"]
[PlyCount "91"]
[EventDate "2017.??.??"]
[EventType "team-tourn"]
[EventRounds "9"]
[SourceDate "2017.10.08"]
[WhiteTeam "FHSG Stralsund II"]
[BlackTeam "SG Neubrandenburg II"]

1. f4 Nf6 2. d3 d5 3. Nf3 Nbd7 4. Nbd2 e6 5. e4 Ng4 6. Nb3 Bc5 7. Nxc5 Nxc5 8.
e5 c6 9. Ng5 Nh6 10. d4 Nd7 11. Qh5 Qe7 12. g4 Nf8 13. Bd3 Bd7 14. c3 O-O-O 15.
f5 exf5 16. gxf5 f6 17. Nf3 Be8 18. Qh4 Nf7 19. Kd1 c5 20. Rg1 g5 21. exf6 Qxf6
22. Bxg5 Nxg5 23. Qxg5 Qxg5 24. Rxg5 h6 25. Rg7 Bh5 26. Be2 Nd7 27. Kd2 c4 28.
Rxd7 Rxd7 29. Ne5 Bxe2 30. Nxd7 Kxd7 31. Kxe2 Rg8 32. Rf1 Ke7 33. f6+ Kf7 34.
Rf2 Rg6 35. Ke3 Rxf6 36. Rxf6+ Kxf6 37. Kf4 b5 38. Kg4 a5 39. a3 Kg6 40. h3 Kf6
41. h4 Kg6 42. h5+ Kf6 43. Kf4 Ke6 44. Kg4 Kf6 45. Kf4 Ke6 46. Kg4 1/2-1/2

[Event "LLO 2017/18"]
[Site "Mecklenburg-Vorpommern"]
[Date "2017.12.10"]
[Round "4.6"]
[White "Sommer, Hans Hermann"]
[Black "Sparr, Andreas"]
[Result "1-0"]
[WhiteElo "1713"]
[BlackElo "1595"]
[PlyCount "69"]
[EventDate "2017.??.??"]
[EventType "team-tourn"]
[EventRounds "9"]
[SourceDate "2017.10.08"]
[WhiteTeam "SG Neubrandenburg II"]
[BlackTeam "FHSG Stralsund II"]

1. e4 c5 2. d4 cxd4 3. c3 dxc3 4. Nxc3 e6 5. Nf3 Bc5 6. Bc4 Ne7 7. O-O h6 8.
Bf4 a6 9. Rc1 Nbc6 10. a3 Ng6 11. Bg3 b5 12. Bd3 Bb7 13. e5 Bb6 14. Qe2 Nce7
15. Ne4 Nf5 16. Nd6+ Nxd6 17. exd6 f5 18. Bxf5 Qf6 19. Bxg6+ Qxg6 20. Rfe1 O-O
21. Ne5 Qe8 22. Qd2 Bd8 23. Qd3 Rf5 24. Nf3 Bxf3 25. Qxf5 Bc6 26. Qd3 Qf7 27.
Be5 Bb6 28. Bd4 Bd8 29. Bc5 Rc8 30. b4 Bh4 31. Qh3 Qg6 32. Be3 Rf8 33. Rxc6
dxc6 34. Qxh4 Qf7 35. Qe7 1-0

[Event "LLO 2017/18"]
[Site "Mecklenburg-Vorpommern"]
[Date "2017.12.10"]
[Round "4.7"]
[White "Klinger, Clemens"]
[Black "Lange, Ingo"]
[Result "0-1"]
[WhiteElo "1582"]
[BlackElo "1726"]
[PlyCount "64"]
[EventDate "2017.??.??"]
[EventType "team-tourn"]
[EventRounds "9"]
[SourceDate "2017.10.08"]
[WhiteTeam "FHSG Stralsund II"]
[BlackTeam "SG Neubrandenburg II"]

1. e4 c6 2. d4 d5 3. e5 Bf5 4. Ne2 e6 5. Ng3 Bg6 6. Bd3 Ne7 7. Bxg6 hxg6 8. Nd2
Nd7 9. Nf3 Qc7 10. Qd3 c5 11. c3 Nf5 12. Nxf5 gxf5 13. Be3 Be7 14. Rc1 Qa5 15.
a3 cxd4 16. Bxd4 Rc8 17. O-O Nc5 18. Bxc5 Qxc5 19. g3 g5 20. Kg2 g4 21. Nd4 a6
22. Rce1 Qc4 23. Qd1 Kd7 24. f4 Bc5 25. Nc2 a5 26. Re2 Rh3 27. Rh1 Rch8 28. b4
axb4 29. cxb4 Bb6 30. Ne1 d4 31. Qa4+ Ke7 32. Qc2 Qd5+ 0-1

[Event "LLO 2017/18"]
[Site "Mecklenburg-Vorpommern"]
[Date "2017.12.10"]
[Round "4.8"]
[White "Zabka, Helge"]
[Black "Jenschke, Tim"]
[Result "0-1"]
[WhiteElo "1662"]
[BlackElo "1420"]
[PlyCount "70"]
[EventDate "2017.??.??"]
[EventType "team-tourn"]
[EventRounds "9"]
[SourceDate "2017.10.08"]
[WhiteTeam "SG Neubrandenburg II"]
[BlackTeam "FHSG Stralsund II"]

1. Nf3 c5 2. g3 g6 3. Bg2 Bg7 4. O-O Nf6 5. d3 Nc6 6. Nc3 O-O 7. e4 d6 8. h3 a6
9. a4 Qc7 10. Be3 b6 11. Qd2 Bb7 12. Bh6 Kh8 13. Qg5 Nb4 14. Rac1 c4 15. Ne1
Rad8 16. d4 Ng8 17. Bxg7+ Kxg7 18. f4 f6 19. Qg4 e5 20. d5 f5 21. exf5 Rxf5 22.
Be4 Nf6 23. Qe2 Nxe4 24. Qxe4 Qc5+ 25. Kh2 Nxd5 26. Nxd5 Bxd5 27. Qe2 Rdf8 28.
Ng2 Bxg2 29. Kxg2 exf4 30. g4 f3+ 31. Rxf3 Rxf3 32. Qxf3 Rxf3 33. Kxf3 Qe5 34.
b3 Qc3+ 35. Kg2 Qd2+ 0-1

[Event "LLO 2017/18"]
[Site "Mecklenburg-Vorpommern"]
[Date "2018.01.21"]
[Round "5.1"]
[White "Ebert, Lutz"]
[Black "Kohn, Thomas"]
[Result "0-1"]
[WhiteElo "1723"]
[BlackElo "1841"]
[PlyCount "115"]
[EventDate "2017.??.??"]
[EventType "team-tourn"]
[EventRounds "9"]
[SourceDate "2017.10.08"]
[WhiteTeam "SG Guestrow/Teterow II"]
[BlackTeam "FHSG Stralsund II"]

1. Nf3 d5 2. b4 Bf5 3. Bb2 e6 4. e3 Nf6 5. b5 Bd6 6. Be2 O-O 7. O-O a6 8. a4
axb5 9. axb5 Nbd7 10. d4 Rxa1 11. Bxa1 Qa8 12. Nbd2 Qa2 13. c4 b6 14. Qb3 Ra8
15. Re1 Qxb3 16. Nxb3 Ra3 17. Nbd2 Bb4 18. Rc1 Ra2 19. Bc3 Bxc3 20. Rxc3 Ne4
21. Nxe4 dxe4 22. Ne1 Rxe2 23. Kf1 Ra2 24. Nc2 Kf8 25. Nb4 Ra1+ 26. Ke2 Ke8 27.
Nc2 Ra2 28. Kd2 e5 29. Ra3 Rxa3 30. Nxa3 exd4 31. exd4 g5 32. Ke3 h5 33. Nc2
Bg6 34. Nb4 Ke7 35. h3 f5 36. g3 Bf7 37. d5 Kd6 38. Kd4 Ne5 39. Nc2 Nf3+ 40.
Kc3 f4 41. Nb4 e3 42. Kd3 Ne5+ 43. Ke2 Nxc4 44. gxf4 gxf4 45. Nd3 exf2 46. Kxf2
Na3 47. Kf3 Nxb5 48. Kxf4 Bxd5 49. Kg5 Bf3 50. Kf4 Nd4 51. Ne5 c5 52. Nc4+ Kc7
53. h4 b5 54. Ne5 Kd6 55. Nf7+ Kd5 56. Ng5 b4 57. Nxf3 Nxf3 58. Kxf3 0-1

[Event "LLO 2017/18"]
[Site "Mecklenburg-Vorpommern"]
[Date "2018.01.21"]
[Round "5.2"]
[White "Rickmann, Niklas"]
[Black "Janisch, Harald"]
[Result "0-1"]
[WhiteElo "1716"]
[BlackElo "1545"]
[PlyCount "59"]
[EventDate "2017.??.??"]
[EventType "team-tourn"]
[EventRounds "9"]
[SourceDate "2017.10.08"]
[WhiteTeam "FHSG Stralsund II"]
[BlackTeam "SG Guestrow/Teterow II"]

1. d4 e6 2. c4 d5 3. Nc3 Nf6 4. Nf3 Nc6 5. Bg5 Be7 6. e3 Ne4 7. Bxe7 Qxe7 8.
Nxe4 dxe4 9. Nd2 Qb4 10. Qc2 f5 11. a3 Qe7 12. b4 a6 13. Nb3 O-O 14. g3 Qg5 15.
Bg2 Ne7 16. Qe2 b6 17. O-O Bb7 18. a4 Rfd8 19. a5 Nc6 20. axb6 cxb6 21. b5 Nb4
22. c5 Bd5 23. Nd2 bxc5 24. dxc5 Nd3 25. Rxa6 Nxc5 26. Rxa8 Rxa8 27. Rb1 Rb8
28. Nc4 Nd3 29. Na3 Qe7 30. Nc2 0-1

[Event "LLO 2017/18"]
[Site "Mecklenburg-Vorpommern"]
[Date "2018.01.21"]
[Round "5.3"]
[White "Dettmann, Juergen"]
[Black "Boettner, Oliver"]
[Result "1-0"]
[WhiteElo "1486"]
[BlackElo "1581"]
[PlyCount "49"]
[EventDate "2017.??.??"]
[EventType "team-tourn"]
[EventRounds "9"]
[SourceDate "2017.10.08"]
[WhiteTeam "SG Guestrow/Teterow II"]
[BlackTeam "FHSG Stralsund II"]

1. d4 d5 2. c4 e6 3. Nf3 b6 4. e3 Nf6 5. Be2 Nbd7 6. Nc3 Bb7 7. O-O a6 8. cxd5
Nxd5 9. Bd2 c5 10. Rc1 N7f6 11. Na4 Ne4 12. dxc5 Nxc5 13. Ne5 Qg5 14. Nf3 Qg4
15. Nd4 Qg6 16. Nxc5 Nc3 17. Nxb7 Nxd1 18. Rfxd1 e5 19. Rc6 Qg5 20. e4 Qe7 21.
Nd6+ Kd7 22. Rdc1 Ra7 23. Bg4+ Qe6 24. Nxe6 fxe6 25. Nf7 1-0

[Event "LLO 2017/18"]
[Site "Mecklenburg-Vorpommern"]
[Date "2018.01.21"]
[Round "5.4"]
[White "Jabbusch, Burkhard"]
[Black "Eulitz, Charlotte"]
[Result "1-0"]
[WhiteElo "1641"]
[BlackElo "1474"]
[PlyCount "103"]
[EventDate "2017.??.??"]
[EventType "team-tourn"]
[EventRounds "9"]
[SourceDate "2017.10.08"]
[WhiteTeam "FHSG Stralsund II"]
[BlackTeam "SG Guestrow/Teterow II"]

1. f4 Nc6 2. Nf3 d5 3. g3 Nf6 4. Bg2 Bf5 5. O-O Qd7 6. c3 e6 7. Ne5 Nxe5 8.
fxe5 Ne4 9. b4 Be7 10. d3 Nxc3 11. Nxc3 Bxb4 12. Bd2 Bc5+ 13. Kh1 Bd4 14. e3
Bxe5 15. d4 Bf6 16. Qf3 Bg6 17. h4 h5 18. Qe2 c6 19. Rac1 Qd6 20. Be1 Qa3 21.
Bf2 O-O-O 22. Qd2 Kb8 23. Nb1 Qd6 24. Qb2 Rhe8 25. a4 Qc7 26. Rc3 Rd7 27. Rfc1
Ka8 28. Nd2 Qa5 29. Nb3 Qb4 30. Be1 Qe7 31. a5 Rc8 32. Nc5 Rdc7 33. Rb3 e5 34.
Bb4 Qd8 35. Bc3 exd4 36. exd4 Rb8 37. Na4 a6 38. Nc5 Ka7 39. Bd2 Be7 40. Bb4
Bf5 41. Rf3 Bg6 42. Nd3 Bxb4 43. Nxb4 Re7 44. Rxc6 Qe8 45. Rc1 Re2 46. Rc2 Bxc2
47. Nxc2 Qe4 48. Qb6+ Ka8 49. Nb4 Qb1+ 50. Rf1 Qb3 51. Bxd5 Qb2 52. Qxa6# 1-0

[Event "LLO 2017/18"]
[Site "Mecklenburg-Vorpommern"]
[Date "2018.01.21"]
[Round "5.5"]
[White "Jaster, Steven"]
[Black "Sparr, Andreas"]
[Result "0-1"]
[WhiteElo "1398"]
[BlackElo "1595"]
[PlyCount "80"]
[EventDate "2017.??.??"]
[EventType "team-tourn"]
[EventRounds "9"]
[SourceDate "2017.10.08"]
[WhiteTeam "SG Guestrow/Teterow II"]
[BlackTeam "FHSG Stralsund II"]

1. e4 c5 2. Nf3 Nc6 3. d4 cxd4 4. Nxd4 e6 5. Nc3 a6 6. Be2 Bb4 7. O-O Nge7 8.
Be3 Ng6 9. f4 O-O 10. Bf3 Qc7 11. f5 Nge5 12. Nxc6 Nxf3+ 13. Qxf3 Qxc6 14. Bd4
Bc5 15. Bxc5 Qxc5+ 16. Kh1 Qc7 17. fxe6 dxe6 18. Qf4 Qxf4 19. Rxf4 Bd7 20. Rd1
Rad8 21. e5 Bc6 22. Rfd4 Rxd4 23. Rxd4 Rc8 24. a3 Kf8 25. Kg1 Ke7 26. Kf2 Rc7
27. g3 Bd5 28. Nxd5+ exd5 29. Rd2 Ke6 30. Re2 Rc4 31. b3 Re4 32. Rxe4 dxe4 33.
Ke3 Kxe5 34. c3 g5 35. c4 f5 36. b4 h5 37. a4 f4+ 38. gxf4+ gxf4+ 39. Ke2 Kd4
40. c5 Kc4 0-1

[Event "LLO 2017/18"]
[Site "Mecklenburg-Vorpommern"]
[Date "2018.01.21"]
[Round "5.6"]
[White "Klinger, Clemens"]
[Black "Zoll, Cindy"]
[Result "1-0"]
[WhiteElo "1582"]
[BlackElo "1333"]
[PlyCount "109"]
[EventDate "2017.??.??"]
[EventType "team-tourn"]
[EventRounds "9"]
[SourceDate "2017.10.08"]
[WhiteTeam "FHSG Stralsund II"]
[BlackTeam "SG Guestrow/Teterow II"]

1. e4 e6 2. d4 d5 3. Nc3 Bb4 4. e5 c5 5. Bd2 a6 6. a3 Bxc3 7. bxc3 c4 8. Qg4 g6
9. Qd1 f6 10. f4 Nc6 11. Nf3 Nh6 12. g3 O-O 13. Bh3 Ne7 14. O-O Nhf5 15. Qe2
Bd7 16. exf6 Rxf6 17. Ne5 Ba4 18. Ng4 Rf7 19. Qxe6 Bxc2 20. Ne5 Nd6 21. Nxf7
Nxf7 22. Rae1 Kf8 23. Qf6 Bf5 24. g4 Bd7 25. f5 Ng8 26. Qxd8+ Rxd8 27. fxg6
hxg6 28. Bf4 Kg7 29. Kg2 Nf6 30. Be5 Nxe5 31. Rxe5 Ne4 32. Rb1 Bc6 33. Rc1 Rf8
34. Kg1 Nd2 35. Re3 Nf3+ 36. Kh1 Nd2 37. Bg2 Rf4 38. h3 Ne4 39. Bxe4 Rxe4 40.
Rxe4 dxe4 41. Kg1 Kf6 42. Kf2 Kg5 43. Kg3 a5 44. h4+ Kf6 45. Rb1 Bd5 46. Rb5
Ke6 47. Rxa5 e3 48. Rb5 e2 49. Rb6+ Bc6 50. Kf2 Kd5 51. Kxe2 Ke4 52. Rxc6 bxc6
53. h5 gxh5 54. gxh5 Kf5 55. a4 1-0

[Event "LLO 2017/18"]
[Site "Mecklenburg-Vorpommern"]
[Date "2018.01.21"]
[Round "5.7"]
[White "Tackmann, Lars Erik"]
[Black "Leddin, Mathias"]
[Result "1/2-1/2"]
[WhiteElo "1310"]
[BlackElo "1538"]
[PlyCount "40"]
[EventDate "2017.??.??"]
[EventType "team-tourn"]
[EventRounds "9"]
[SourceDate "2017.10.08"]
[WhiteTeam "SG Guestrow/Teterow II"]
[BlackTeam "FHSG Stralsund II"]

1. e4 e5 2. Nf3 Nc6 3. Bc4 Be7 4. Nc3 d6 5. h3 Nf6 6. a3 O-O 7. d3 h6 8. Be3
Nh7 9. Nd5 Be6 10. Nxe7+ Qxe7 11. Bxe6 Qxe6 12. O-O Ne7 13. Nh2 f5 14. f3 Qg6
15. Qe2 Ng5 16. Bxg5 Qxg5 17. Rad1 Ng6 18. Kh1 Nf4 19. Qd2 Qg6 20. Rf2 Nh5
1/2-1/2

[Event "LLO 2017/18"]
[Site "Mecklenburg-Vorpommern"]
[Date "2018.01.21"]
[Round "5.8"]
[White "Jenschke, Tim"]
[Black "Kalettka, Joachim"]
[Result "1/2-1/2"]
[WhiteElo "1420"]
[BlackElo "1268"]
[PlyCount "116"]
[EventDate "2017.??.??"]
[EventType "team-tourn"]
[EventRounds "9"]
[SourceDate "2017.10.08"]
[WhiteTeam "FHSG Stralsund II"]
[BlackTeam "SG Guestrow/Teterow II"]

1. Nf3 Nf6 2. g3 e6 3. Bg2 d5 4. d4 c6 5. Nbd2 Bd6 6. b3 Qa5 7. Bb2 Ba3 8. Bxa3
Qxa3 9. c4 Nbd7 10. Qc2 Qd6 11. O-O b6 12. Rac1 Bb7 13. e4 dxe4 14. Nxe4 Nxe4
15. Qxe4 Nf6 16. Qe3 O-O 17. c5 Qc7 18. Ne5 Nd5 19. Qe2 a5 20. Rfd1 b5 21. h4
a4 22. g4 axb3 23. axb3 Ra3 24. Qb2 Rfa8 25. Ra1 b4 26. Nc4 Rxa1 27. Rxa1 Qb8
28. Nd6 Rxa1+ 29. Qxa1 Qa8 30. Qxa8+ Bxa8 31. Kf1 Kf8 32. Ke1 Nf6 33. f3 Ne8
34. Ne4 h6 35. Bf1 Ke7 36. Kd2 Bb7 37. Bd3 g6 38. Ng3 Nf6 39. g5 hxg5 40. hxg5
Nd5 41. Ne4 Nf4 42. Nd6 Nxd3 43. Nxb7 Nf4 44. Ke3 Nh3 45. f4 f6 46. gxf6+ Kxf6
47. Nd6 Ng1 48. Ke4 Ne2 49. Ne8+ Ke7 50. Nc7 Nc1 51. Na6 Nxb3 52. Nxb4 Nd2+ 53.
Ke3 Nc4+ 54. Kd3 Na5 55. Ke4 Kf6 56. Nd3 Nb3 57. Ne5 Na5 58. Nd7+ Ke7 1/2-1/2

[Event "LLO 2017/18"]
[Site "Mecklenburg-Vorpommern"]
[Date "2018.01.21"]
[Round "5.1"]
[White "Schulz, Daniel"]
[Black "Kilp, Andreas"]
[Result "1-0"]
[WhiteElo "1764"]
[BlackElo "1701"]
[PlyCount "29"]
[EventDate "2017.??.??"]
[EventType "team-tourn"]
[EventRounds "9"]
[SourceDate "2017.10.08"]
[WhiteTeam "SG Neubrandenburg II"]
[BlackTeam "SAV Torgelow II"]

1. e4 e5 2. Nc3 Nc6 3. Bc4 Nf6 4. d3 d6 5. Nge2 Bg4 6. h3 Bd7 7. O-O Be7 8. f4
exf4 9. Bxf4 Be6 10. Nd5 h6 11. Ng3 Na5 12. Nxf6+ Bxf6 13. Bxe6 fxe6 14. Qh5+
Kd7 15. Qxa5 1-0

[Event "LLO 2017/18"]
[Site "Mecklenburg-Vorpommern"]
[Date "2018.01.21"]
[Round "5.3"]
[White "Dupke, Andreas"]
[Black "Grossmann, Piet"]
[Result "1-0"]
[WhiteElo "1741"]
[BlackElo "1654"]
[PlyCount "77"]
[EventDate "2017.??.??"]
[EventType "team-tourn"]
[EventRounds "9"]
[SourceDate "2017.10.08"]
[WhiteTeam "SG Neubrandenburg II"]
[BlackTeam "SAV Torgelow II"]

1. e4 e6 2. d4 d5 3. e5 c5 4. c3 Qb6 5. Nf3 Nc6 6. a3 c4 7. Nbd2 Bd7 8. Rb1 Qc7
9. Be2 Nge7 10. Nf1 Nc8 11. Ng5 h6 12. Nh3 Be7 13. Ng3 g6 14. O-O Na5 15. Qc2
Nb3 16. Bd1 a5 17. Qe2 a4 18. Bc2 Na7 19. f4 O-O-O 20. Be3 b5 21. Rf2 Rdg8 22.
Nf1 Qd8 23. Kh1 Be8 24. g4 h5 25. f5 hxg4 26. fxe6 fxe6 27. Qxg4 Qd7 28. Bg5
Nc6 29. Bf6 Rh6 30. Nf4 Nd8 31. Bxe7 Qxe7 32. Nxd5 Bc6 33. Be4 Bxd5 34. Bxd5
Rh5 35. Bxe6+ Nxe6 36. Qg2 Kb8 37. Rf6 Nf4 38. Rb6+ Ka7 39. Qc6 1-0

[Event "LLO 2017/18"]
[Site "Mecklenburg-Vorpommern"]
[Date "2018.01.21"]
[Round "5.4"]
[White "Schmekel, Felix"]
[Black "Buenz, Heinrich"]
[Result "0-1"]
[WhiteElo "1636"]
[BlackElo "1671"]
[PlyCount "54"]
[EventDate "2017.??.??"]
[EventType "team-tourn"]
[EventRounds "9"]
[SourceDate "2017.10.08"]
[WhiteTeam "SAV Torgelow II"]
[BlackTeam "SG Neubrandenburg II"]

1. d4 Nf6 2. c4 e6 3. Nc3 Be7 4. Bg5 O-O 5. e3 d6 6. Nf3 Nbd7 7. Qc2 c5 8. Rd1
b6 9. Be2 Bb7 10. O-O Rc8 11. d5 Nxd5 12. Bxe7 Nxe7 13. Nb5 d5 14. Nd6 Rc7 15.
Ng5 Nf6 16. Ndxf7 Qd7 17. Bg4 Nf5 18. Bh3 Rxf7 19. Nxf7 Kxf7 20. cxd5 Bxd5 21.
Rfe1 Nd6 22. f3 Qc6 23. e4 Ndxe4 24. fxe4 Nxe4 25. b3 c4 26. bxc4 Qc5+ 27. Kf1
Bxc4+ 0-1

[Event "LLO 2017/18"]
[Site "Mecklenburg-Vorpommern"]
[Date "2018.01.21"]
[Round "5.5"]
[White "Sommer, Hans Hermann"]
[Black "Schmekel, Matthias"]
[Result "1-0"]
[WhiteElo "1713"]
[BlackElo "1638"]
[PlyCount "69"]
[EventDate "2017.??.??"]
[EventType "team-tourn"]
[EventRounds "9"]
[SourceDate "2017.10.08"]
[WhiteTeam "SG Neubrandenburg II"]
[BlackTeam "SAV Torgelow II"]

1. e4 c5 2. d4 cxd4 3. c3 dxc3 4. Nxc3 e6 5. Nf3 Nc6 6. Bc4 Be7 7. O-O a6 8. a3
b5 9. Bd3 Bb7 10. Bf4 d6 11. Qe2 Nf6 12. Rfd1 Nh5 13. Be3 Qc7 14. Rac1 O-O 15.
Nd5 exd5 16. exd5 Qd7 17. dxc6 Bxc6 18. Nd4 Bb7 19. Qxh5 g6 20. Qh6 Rae8 21.
Qh3 f5 22. Nf3 Bf6 23. Rc2 Re7 24. Qg3 Rfe8 25. h4 Kh8 26. Bd4 Bxd4 27. Nxd4
Rg8 28. Nf3 Qd8 29. Bf1 Re4 30. Ng5 Re7 31. Re2 Rd7 32. Rxd6 Qc7 33. Qe5+ Rgg7
34. Qe8+ Rg8 35. Qxd7 1-0

[Event "LLO 2017/18"]
[Site "Mecklenburg-Vorpommern"]
[Date "2018.01.21"]
[Round "5.6"]
[White "Schmidt, Paul"]
[Black "Lange, Ingo"]
[Result "0-1"]
[WhiteElo "1590"]
[BlackElo "1726"]
[PlyCount "56"]
[EventDate "2017.??.??"]
[EventType "team-tourn"]
[EventRounds "9"]
[SourceDate "2017.10.08"]
[WhiteTeam "SAV Torgelow II"]
[BlackTeam "SG Neubrandenburg II"]

1. e4 c6 2. d4 d5 3. Nc3 dxe4 4. Nxe4 Bf5 5. Ng3 Bg6 6. h4 h6 7. h5 Bh7 8. Nf3
Nd7 9. Bd3 Bxd3 10. Qxd3 e6 11. Bf4 Ngf6 12. O-O-O Nd5 13. Bd2 Qc7 14. c4 Nb4
15. Bxb4 Bxb4 16. c5 Ba5 17. Ne4 Qf4+ 18. Kb1 Bc7 19. Rde1 O-O-O 20. Nh4 f5 21.
Ng3 Qxf2 22. Ne2 Nxc5 23. Qc4 Ne4 24. Qxe6+ Kb8 25. Nc3 Qxd4 26. Nxe4 fxe4 27.
Rxe4 Qd3+ 28. Kc1 Rhf8 0-1

[Event "LLO 2017/18"]
[Site "Mecklenburg-Vorpommern"]
[Date "2018.01.21"]
[Round "5.7"]
[White "Meyer, Detlef"]
[Black "Greinert, Timo"]
[Result "0-1"]
[WhiteElo "1738"]
[BlackElo "1780"]
[PlyCount "80"]
[EventDate "2017.??.??"]
[EventType "team-tourn"]
[EventRounds "9"]
[SourceDate "2017.10.08"]
[WhiteTeam "SG Neubrandenburg II"]
[BlackTeam "SAV Torgelow II"]

1. e4 c6 2. d4 d5 3. e5 Bf5 4. Bd3 Bxd3 5. Qxd3 e6 6. Nf3 c5 7. c3 Nc6 8. O-O
Qb6 9. Rd1 Rc8 10. Na3 c4 11. Qe2 Bxa3 12. bxa3 Nge7 13. Bg5 Qa5 14. Qb2 Rc7
15. Rab1 O-O 16. Qc1 a6 17. Re1 Na7 18. Bxe7 Rxe7 19. Rb4 Nb5 20. a4 Na7 21.
Qc2 Nc6 22. Rb2 b5 23. axb5 axb5 24. Reb1 Rb8 25. a4 b4 26. cxb4 Rxb4 27. Rxb4
Nxb4 28. Qc3 Rb7 29. Ne1 g6 30. Kf1 Qxa4 31. Ra1 Qb3 32. Qc1 Nd3 33. Ra8+ Rb8
34. Rxb8+ Qxb8 35. Nxd3 cxd3 36. f3 Qb5 37. Qc8+ Kg7 38. Qd8 d2+ 39. Kf2 d1=Q
40. Kg3 Qb4 0-1